Technology Strategy (Record no. 370813)

MARC details
000 -LEADER
fixed length control field 00481nam a22001937a 4500
005 - DATE AND TIME OF LATEST TRANSACTION
control field 20260404131439.0
008 - FIXED-LENGTH DATA ELEMENTS--GENERAL INFORMATION
fixed length control field 260330b |||||||| |||| 00| 0 eng d
020 ## - INTERNATIONAL STANDARD BOOK NUMBER
International Standard Book Number 9789361318870
041 ## - LANGUAGE CODE
Language code of text/sound track or separate title eng
082 ## - DEWEY DECIMAL CLASSIFICATION NUMBER
Classification number 658.4012
Item number WAL B22787
100 ## - MAIN ENTRY--PERSONAL NAME
Author Walton N
245 ## - TITLE STATEMENT
Title Technology Strategy
Statement of responsibility, etc. 1st Ed.
250 ## - EDITION STATEMENT
Edition statement 1st Ed.
260 ## - PUBLICATION, DISTRIBUTION, ETC.
Place of publication, distribution, etc. New Delhi
Name of publisher, distributor, etc. Bloomsbury
Date of publication, distribution, etc. 2024
300 ## - PHYSICAL DESCRIPTION
Extent 327p
500 ## - GENERAL NOTE
Keywords Strategic Management
700 ## - ADDED ENTRY--PERSONAL NAME
Personal name Pyper N
942 ## - ADDED ENTRY ELEMENTS (KOHA)
Koha item type Books
Holdings
Withdrawn status Lost status Source of classification or shelving scheme Damaged status Not for loan Home library Current library Date acquired Vendor Net Price Bill number Total Checkouts Full call number Barcode Date last seen Actual Price Bill Date Koha item type Original Barcode
    Dewey Decimal Classification     Smt. Hiraben Nanavati Institute of Management & Research for Women Smt. Hiraben Nanavati Institute of Management & Research for Women 29/01/2026 The Forward Books 999.00 25295   658.1042 WAL B22787 HIMR-BK-22787 30/03/2026 729.27 24/01/2026 Books B22787